Probabilistic data association based multiple target Tacking / (Record no. 540697)
[ view plain ]
| 000 -LEADER | |
|---|---|
| fixed length control field | 00482nam a22001457a 4500 |
| 082 ## - DEWEY DECIMAL CLASSIFICATION NUMBER | |
| Classification number | 621.3 |
| 100 ## - MAIN ENTRY--PERSONAL NAME | |
| Personal name | Waqar, Sahil |
| 245 ## - TITLE STATEMENT | |
| Title | Probabilistic data association based multiple target Tacking / |
| Statement of responsibility, etc. | Sahil Waqar. |
| 260 ## - PUBLICATION, DISTRIBUTION, ETC. | |
| Place of publication, distribution, etc. | Islamabad : |
| Name of publisher, distributor, etc. | CEME - NUST, |
| Date of publication, distribution, etc. | 2013. |
| 300 ## - PHYSICAL DESCRIPTION | |
| Extent | 87 p. : ill. ; |
| Dimensions | 30cm. |
| 650 ## - SUBJECT ADDED ENTRY--TOPICAL TERM | |
| Topical term or geographic name entry element | Electrical Engineering - MS Theses. |
| 700 ## - ADDED ENTRY--PERSONAL NAME | |
| Personal name | Sup: Dr. Muhammad Salman. |
| 942 ## - ADDED ENTRY ELEMENTS (KOHA) | |
| Source of classification or shelving scheme | |
| Koha item type | Thesis |
| 650 ## - SUBJECT ADDED ENTRY--TOPICAL TERM | |
| -- | 26977 |
| 700 ## - ADDED ENTRY--PERSONAL NAME | |
| -- | 34855 |
| Withdrawn status | Lost status | Source of classification or shelving scheme | Damaged status | Not for loan | Permanent Location | Current Location | Shelving location | Date acquired | Total Checkouts | Full call number | Barcode | Date last seen | Price effective from | Koha item type |
|---|---|---|---|---|---|---|---|---|---|---|---|---|---|---|
| Central Library (CL) | Central Library (CL) | Reference | 11/03/2020 | 621.3 | CL-T-645 | 11/03/2020 | 11/03/2020 | Thesis |
